[Event "BL2-Sued 9900"]
[Site "Germany"]
[Date "1999.11.07"]
[Round "2.6"]
[White "Gross, Klaus Juergen"]
[Black "Kaiser, Dieter"]
[Result "1/2-1/2"]
[WhiteElo "2215"]
[BlackElo "2235"]
[PlyCount "31"]
[EventDate "1999.10.10"]
[EventType "team-tourn"]
[EventRounds "9"]
[EventCountry "GER"]
[SourceTitle "CBM 074 Extra"]
[Source "ChessBase"]
[SourceDate "2000.03.10"]
[SourceVersion "2"]
[SourceVersionDate "2000.03.10"]
[SourceQuality "1"]
[WhiteTeam "Freiburg Zaehringen"]
[BlackTeam "Ulm"]
[WhiteTeamCountry "GER"]
[BlackTeamCountry "GER"]

1. c4 Nf6 2. Nc3 e5 3. Nf3 Nc6 4. d4 exd4 5. Nxd4 Nxd4 6. Qxd4 Be7 7. g3 0-0 8. Bg2 d6 9. 0-0 Nd7 10. Nd5 a5 11. b3 Bf6 12. Nxf6+ Qxf6 13. Qxf6 Nxf6 14. Bb2 Nd7 15. Bd4 Re8 16. e3 1/2-1/2

[Event "Seefeld op 10th"]
[Site "Seefeld"]
[Date "1999.09.18"]
[Round "8"]
[White "Hoffmann, Hendrik"]
[Black "Kaiser, Dieter"]
[Result "1-0"]
[WhiteElo "2300"]
[BlackElo "2235"]
[PlyCount "87"]
[EventDate "1999.09.11"]
[EventType "swiss"]
[EventRounds "9"]
[EventCountry "AUT"]
[SourceTitle "EXT 2001"]
[Source "ChessBase"]
[SourceDate "2000.11.22"]
[SourceVersion "1"]
[SourceVersionDate "2000.11.22"]
[SourceQuality "1"]

1. e4 c5 2. c3 d6 3. d4 Nf6 4. Bd3 e5 5. Nf3 Qc7 6. Na3 Nc6 7. h3 Bd7 8. 0-0 h6 9. Qe2 a6 10. Nc4 Be7 11. Ne3 cxd4 12. Nd5 Qd8 13. cxd4 exd4 14. Bf4 Be6 15. Nxe7 Qxe7 16. Rfe1 0-0 17. Qd2 Rfd8 18. b3 Rac8 19. e5 dxe5 20. Nxe5 Nxe5 21. Bxe5 Nd7 22. Bxd4 Qd6 23. Qb2 Nf8 24. Rad1 Qb4 25. Be4 f6 26. Bf3 Bf7 27. Bg4 Rc6 28. Bc3 Qb6 29. Rxd8 Qxd8 30. Bf3 Re6 31. Rxe6 Nxe6 32. Bxb7 Qd1+ 33. Kh2 Qd6+ 34. g3 Nc5 35. Bg2 Nd3 36. Qd2 Bg6 37. Qe3 Kh7 38. Bd4 Qa3 39. Be4 Nb4 40. Bxg6+ Kxg6 41. Qe4+ Kf7 42. Bc5 a5 43. Qc4+ Kg6 44. Bf8 1-0

[Event "Seefeld op 10th"]
[Site "Seefeld"]
[Date "1999.09.17"]
[Round "7"]
[White "Kaiser, Dieter"]
[Black "Schoetzig, Detlef"]
[Result "1-0"]
[WhiteElo "2235"]
[BlackElo "2146"]
[PlyCount "41"]
[EventDate "1999.09.11"]
[EventType "swiss"]
[EventRounds "9"]
[EventCountry "AUT"]
[SourceTitle "EXT 2001"]
[Source "ChessBase"]
[SourceDate "2000.11.22"]
[SourceVersion "1"]
[SourceVersionDate "2000.11.22"]
[SourceQuality "1"]

1. e4 Nf6 2. e5 Nd5 3. d4 d6 4. f4 dxe5 5. fxe5 c5 6. Nf3 Nc6 7. c4 Ndb4 8. d5 Bf5 9. Na3 Nb8 10. Be2 e6 11. 0-0 exd5 12. Ng5 Qd7 13. cxd5 Nxd5 14. Rxf5 Qxf5 15. Qxd5 Nc6 16. Bg4 Ne7 17. Qxb7 Qxg4 18. Qxa8+ Nc8 19. Qc6+ Kd8 20. Nxf7+ Ke7 21. Bg5+ 1-0